| 000 | 00928nam a22003017a 4500 | ||
|---|---|---|---|
| 001 | BR7700928 | ||
| 003 | BR-BrBNA | ||
| 005 | 20230928085204.0 | ||
| 007 | ta | ||
| 008 | 230509b bl.||||| |||| 00| 0 por d | ||
| 040 |
_aBR-BrBNA _bpor _cBiblioteca Nacional de Agricultura |
||
| 041 | _a(Por) | ||
| 072 |
_aE10; E70; F00 _b/G514 |
||
| 090 | _ E10 BR7700928 | ||
| 110 | 1 |
_aSubsecretaria de Planejamento e Orcamento, Brasilia, DF (Brasil). Diretoria de Planejamento Agricola _99985 |
|
| 245 | 1 | _aPerspectivas da producao, abastecimento, insumos e servicos para a agricultura brasileira, 1976/1977 | |
| 260 | 3 |
_aBrasilia, DF (Brasil): _c1976. |
|
| 300 | _av. 1-2 | ||
| 500 | _a6 graphs; 37 tables | ||
| 650 | _aECONOMIA DA PRODUCAO | ||
| 650 | _aABASTECIMENTO | ||
| 650 | _aEXPORTACAO | ||
| 650 | _aCREDITO | ||
| 650 | _aINSUMO | ||
| 650 | _aFINANCIAMENTO | ||
| 909 |
_a202309 _bLucia _c55 _dLucia Elande |
||
| 942 | _cBK | ||
| 999 |
_c23200 _d23200 |
||